TKO hiring! : ten knockout strategies for recruiting, interviewing, and hiring great people /

Practical business guides that pull no punches. Dave Anderson's TKO series presents no-nonsense, down-in-the-trenches management strategies that work in the real world of business. Each of the three informative books in this series offers easy-to-

Bibliographic Details
Main Author: Anderson, Dave, 1961-
Format: eBook
Language:English
Published: Hoboken, N.J. : John Wiley & Sons, ©2008.
Subjects:
Online Access:Connect to the full text of this electronic book

MARC

Tag First Indicator Second Indicator Subfields
LEADER 00000nam a2200000 a 4500
001 in00004679521
006 m o d
007 cr cnu---unuuu
008 080516s2008 nju ob 001 0 eng d
005 20260214202801.9
020 |a 9780470187470  |q (electronic bk.) 
020 |a 0470187476  |q (electronic bk.) 
020 |a 9781118255964  |q (electronic bk.) 
020 |a 1118255968  |q (electronic bk.) 
020 |a 0470171766  |q (pbk.) 
020 |a 9780470171769  |q (pbk.) 
020 |z 9780470171769  |q (pbk.) 
035 |a wil6007436 
035 |a (NhCcYBP)wil6007436 
037 |b OverDrive, Inc.  |n http://www.overdrive.com 
037 |a D108A68E-D062-4539-9F52-BE2CEB27029B  |b OverDrive, Inc.  |n http://www.overdrive.com 
040 |a NhCcYBP  |b eng  |c NhCcYBP 
050 4 |a HF5549.5.R44  |b A525 2008eb 
072 7 |a BUS  |x 097000  |2 bisacsh 
072 7 |a BUS  |x 030000  |2 bisacsh 
082 0 4 |a 658.3/11  |2 22 
100 1 |a Anderson, Dave,  |d 1961- 
245 1 0 |a TKO hiring! :  |b ten knockout strategies for recruiting, interviewing, and hiring great people /  |c Dave Anderson. 
246 3 0 |a Recruiting, interviewing, and hiring great people 
260 |a Hoboken, N.J. :  |b John Wiley & Sons,  |c ©2008. 
300 |a 1 online resource (xiii, 124 pages) 
336 |a text  |b txt  |2 rdacontent 
337 |a computer  |b c  |2 rdamedia 
338 |a online resource  |b cr  |2 rdacarrier 
504 |a Includes bibliographical references (page 119) and index. 
505 0 |a Round one : Understand the cost of hiring recklessly -- Round two : Become a proactive recruiter -- Round three : Create a potent interview structure -- Round four : Ask tough interview questions -- Round five : Effectively check references -- Round six : How to use predictive testing hiring profiles -- Round seven : How to get new hires off to a great start -- Round eight : How to retain eagles once you find them -- Round nine : Differentiate your employees for development and retention -- Round ten : Knockout summary for follow- through. 
520 |a Practical business guides that pull no punches. Dave Anderson's TKO series presents no-nonsense, down-in-the-trenches management strategies that work in the real world of business. Each of the three informative books in this series offers easy-to- 
588 0 |a Print version record. 
650 0 |a Employees  |x Recruiting. 
650 0 |a Employment interviewing. 
650 0 |a Employee selection. 
650 2 |a Personnel Selection 
655 4 |a Electronic books. 
776 0 8 |i Print version:  |a Anderson, Dave, 1961-  |t TKO hiring!.  |d Hoboken, N.J. : John Wiley & Sons, ©2008  |z 9780470171769  |z 0470171766  |w (DLC) 2007012356 
856 4 0 |u http://proxy.library.tamu.edu/login?url=https://onlinelibrary.wiley.com/book/10.1002/9781118255964  |z Connect to the full text of this electronic book  |t 0 
955 |a Wiley EBA record 
975 |p Wiley UBCM Full Collection 2026 
999 f f |s f189a4b1-6322-4ef3-a67d-ef47ffcc270e  |i 3b6f0aaa-1148-4b0f-89ff-e6bc27025c9d  |t 0 
952 f f |a Texas A&M University  |b College Station  |c Electronic Resources  |s evans_pda  |d Available Online  |t 0  |e HF5549.5.R44 A525 2008eb  |h Library of Congress classification 
998 f f |a HF5549.5.R44 A525 2008eb  |t 0  |l Available Online